000 04165nam a2200421Ka 4500
001 bslw06334914
003 UtOrBLW
005 20210303085338.0
006 m d
007 cr un|||||||||
008 101115s2006 enk o 000 0 eng d
020 _a9781849508360 (electronic bk.) :
_c£77.95 ; €110.95 ; $129.95
040 _aUtOrBLW
_cUtOrBLW
050 4 _aHB141
_b.P36 2006
072 7 _aKCH
_2bicssc
072 7 _aECO
_2bicssc
072 7 _aBUS021000
_2bisacsh
072 7 _aBUS069000
_2bisacsh
080 _a303.725.33
082 0 4 _a330.015195
_222
245 0 0 _aPanel data econometrics
_h[electronic resource].
260 _aBingley, U.K. :
_bEmerald,
_c2006.
300 _a1 online resource (xvi, 381 p.).
490 1 _aContributions to economic analysis,
_x0573-8555 ;
_vv. 274
505 0 _aTime invariant variables and panel data models : a generalised Frisch Waugh theorem and its implications / Jaya Krishnakumar -- An intertemporal model of rational criminal choice / Robin C. Sickles, Jenny Williams -- Swedish liquor consumption : new evidence on taste change / Badi H. Baltagi, James M. Griffin -- Import demand estimation with country and product effects : application of multi-way unbalanced panel data models to lebanese imports / Rachid Boumahdi, Jad Chaaban, Alban Thomas -- Can random coefficient cobb douglas production functions be aggregated to similar macro functions? / Erik Biørn, Terje Skjerpen, Knut R. Wangen -- Conditional heteroskedasticity and cross-sectional dependence in panel data : an empirical study of inflation uncertainty in the G7 countries / Rodolfo Cermeño, Kevin B. Grier -- The dynamics of exports and productivity at the plant level : a panel data error correction model (ECM) approach / Mahmut Yasar, Carl H. Nelson, Roderick M. Rejesus -- On the estimation and inference of a panel cointegration model with cross-sectional dependence / Jushan Baia, Chihwa Kaob -- Learning about the long-run determinants of real exchange rates for developing countries : a panel data investigation / Imed Drine, Christophe Rault -- A full heteroscedastic one-way error components model : pseudo-maximum likelihood estimation and specification testing / Bernard Lejeune -- Employee turnover : less is not necessarily more? / Mark N. Harris, KamKi Tang, Yi-Ping Tseng -- Dynamic panel models with directors and officers liability insurance data / George D. Kaltchev -- Assessment of the relationship between income inequality and economic growth : a panel data analysis of the 32 federal entities of Mexico, 1960-2002 / Araceli Ortega-Díaz -- Finite sample properties of FGLS estimator for random-effects model under non-normality / Aman Ullah, Xiao Huang -- Modelling the initial conditions in dynamic regression models of panel data with random effects / I. Kazemi, R. Crouchley.
520 _aPanel data econometrics has evolved rapidly over the last decade. Dynamic panel data estimation, non-linear panel data methods and the phenomenal growth in non-stationary panel data econometrics makes this an exciting area of research in econometrics. The 11th international conference on panel data held at Texas A&M University, College Station, Texas, June 2004, witnessed about 150 participants and 100 papers on panel data. This volume includes some of the papers presented at that conference and other solicited papers that made it through the refereeing process. Contributions to Economic Analysis was established in 1952. The series purpose is to stimulate the international exchange of scientific information. The series includes books from all areas of macroeconomics and microeconomics.
588 0 _aPrint version record
650 7 _aBusiness & Economics
_xEconometrics.
_2bisacsh
650 7 _aBusiness & Economics
_xEconomics
_xGeneral.
_2bisacsh
650 7 _aEconometrics.
_2bicssc
650 0 _aEconometric models.
650 0 _aEconometrics.
700 1 _aBadi H Baltagi.
776 1 _z9780444521729
830 0 _aContributions to economic analysis ;
_vv. 274.
856 4 0 _uhttps://www.emerald.com/insight/publication/doi/10.1016/S0573-8555(2006)274
913 _1BMEbacklist
999 _c31711
_d31711